000 00663nam a22001937a 4500
005 20100812154831.0
010 _aENG-99939
020 _c30.00
035 _aEN-83471
037 _bDBAD/PUB
082 _a485
100 _aChary, Pulletikurti Eswara
_911989
245 _aCommunication skills in english for public /
_cby Pulletikurti Eswara Chary
260 _aVijayawada
_bNavaratna Book House
_c2008
270 _a28-22-20 Rahiman Street Arundel Pet
_bVijayawada
_e520002
300 _a77p
_c21cm(pbk)
942 _2ddc
_cEN
_h485
_mCHA
999 _c41431
_d41431